Historia critica de España, y de la cultura española / (Record no. 159091)

MARC details
000 -LEADER
campo de control de longitud fija 01571nam a2200301 i 4500
001 - NÚMERO DE CONTROL
campo de control 159091
003 - IDENTIFICADOR DE NÚMERO DE CONTROL
campo de control ES-MaACL
005 - FECHA Y HORA DE LA ÚLTIMA TRANSACCIÓN
campo de control 20250822235426.0
008 - DATOS DE LONGITUD FIJA--INFORMACIÓN GENERAL
campo de control de longitud fija 931025s1791 sp |||| | spa d
040 ## - FUENTE DE CATALOGACIÓN
Centro catalogador/agencia de origen CARM
Lengua de catalogación spa
Centro/agencia transcriptor PAB
100 1# - ENTRADA PRINCIPAL--NOMBRE DE PERSONA
Nombre de persona Masdéu, Juan Francisco,
Fechas asociadas al nombre 1744-1817
9 (RLIN) 129694
245 10 - MENCIÓN DEL TÍTULO
Título Historia critica de España, y de la cultura española /
Mención de responsabilidad, etc. obra compuesta en las dos lenguas italiana y castellana por D. Juan Francisco de Masdeu ... ; tomo IX, España goda ; libro I, Coleccion preliminar de lápidas y medallas del tiempo de los godos y arabes.
260 ## - PUBLICACIÓN, DISTRIBUCIÓN, ETC.
Lugar de publicación, distribución, etc. En Madrid :
Nombre del editor, distribuidor, etc. en la imprenta de Sancha :
-- se hallará en su libreria en la Aduana Vieja,
Fecha de publicación, distribución, etc. 1791.
300 ## - DESCRIPCIÓN FÍSICA
Extensión [8], XXIV, 506, [1] p., [1] p. en bl. ;
Dimensiones 21 cm.
500 ## - NOTA GENERAL
Nota general Encabezamiento completado con Aguilar, V, p. 530 y prelim. del tomo IX, libro I.
546 ## - NOTA DE IDIOMA
Nota de lengua/lenguaje En tomo I, p. 12 consta que es traducción del italiano.
546 ## - NOTA DE IDIOMA
Nota de lengua/lenguaje Según Palau (157062), no se trata de una traducción sino que el autor la dió a luz en lengua castellana.
597 ## - NOTA DE DESCRIPCIÓN FÍSICA
NOTA DE DESCRIPCIÓN FÍSICA Sign.: []4, 2[sol]4,3[sol]4, 4[sol]4, A-Z4, 2A-2Z4, 3A-3R4, 3S3.
597 ## - NOTA DE DESCRIPCIÓN FÍSICA
NOTA DE DESCRIPCIÓN FÍSICA Antep.
597 ## - NOTA DE DESCRIPCIÓN FÍSICA
NOTA DE DESCRIPCIÓN FÍSICA Texto con apostillas marginales y notas a pie de pág.
650 #7 - PUNTO DE ACCESO ADICIONAL DE MATERIA--TÉRMINO DE MATERIA
Término de materia o nombre geográfico como elemento de entrada Medallas antiguas
Fuente del encabezamiento o término embne
9 (RLIN) 136477
650 #4 - PUNTO DE ACCESO ADICIONAL DE MATERIA--TÉRMINO DE MATERIA
Término de materia o nombre geográfico como elemento de entrada Monumentos funerarios-
Subdivisión geográfica España.
9 (RLIN) 136536
650 #4 - PUNTO DE ACCESO ADICIONAL DE MATERIA--TÉRMINO DE MATERIA
Término de materia o nombre geográfico como elemento de entrada Inscripciones-
Subdivisión geográfica España.
9 (RLIN) 136296
651 #7 - PUNTO DE ACCESO ADICIONAL DE MATERIA--NOMBRE GEOGRÁFICO
Nombre geográfico España-
Subdivisión general Historia-
Subdivisión cronológica 0414-0711, Época visigoda
Fuente del encabezamiento o término
9 (RLIN) 162046
852 ## - LOCALIZACIÓN
Ubicación ES-MaACL
Número de control de estantería R-270-89
Nota libre -- Enc. pasta
Encuadernación Olim: C-44-63
Holdings
Estatus retirado Estado de pérdida Estado de daño No para préstamo Colección Biblioteca de origen Biblioteca actual Ubicación en estantería Fecha de adquisición Total de préstamos Signatura topográfica completa Código de barras Visto por última vez Precio de reemplazo Tipo de ítem Koha
        Libros del s. XVIII Biblioteca del Ateneo de Madrid Biblioteca del Ateneo de Madrid Depósito 17/01/2008   R-270-89 1166545 23/02/2023 23/02/2023 Libro impreso antiguo